• 首页
  • 本馆介绍
  • 公告通知
  • 最新文献
  • 馆藏检索
  • 电子资源
  • 读者导购
  • 参考咨询
  • 我的图书馆
  • 登录
  • 详细信息显示
  • 放入我的书架
  • 预约/预借图书
  • 作者相关作品
  • 分类相关作品
  • 丛书相关作品
  • 出版社相关作品

书目信息

  • 表格格式
  • 工作单格式
  • 卡片格式
题名:
旧上海黑社会
    
 
作者: 郭绪印 编著
分册:  
出版信息: 上海   上海人民出版社  1997
页数: 287页
开本: 20cm
丛书名:
单 册:
中图分类: D693.9 , I25
科图分类:
主题词: 帮会--上海--民国--史料 , 社会问题--上海--民国--史料 , 报告文学--中国 , 传记文学--中国
电子资源:
ISBN: 7-208-02563-0
000 00759nam0 2200265 450
001 1572599688
005 20150117201056.54
010    @a7-208-02563-0@dCNY16.00
100    @a20021005d1997 em y0chiy0110 ea
101 0  @achi
102    @aCN@b310000
105    @ay z 000yy
200 1  @a旧上海黑社会@9jiu shang hai hei she hui@f郭绪印编著
210    @a上海@c上海人民出版社@d1997
215    @a287页@d20cm
510 1  @aThe underworld in old Shanghai@zeng
606 0  @a帮会@y上海@z民国@x史料
606 0  @a社会问题@y上海@z民国@x史料
606 0  @a报告文学@x中国
606 0  @a传记文学@x中国
690    @aD693.9@v5
690    @aI25@v4
701  0 @c(回)@a郭绪印@9guo xu yin@f(1935.4~)@4编著
801  0 @aCN@bTSSF@c20150117
905    @aZUCC@dI25@eJY191
    
    旧上海黑社会/郭绪印编著.-上海:上海人民出版社,1997
    287页;20cm
    
    
    ISBN 7-208-02563-0:CNY16.00
    
●
相关链接 在E读中查询图书 在五车中查询图书 在当当中查询图书 在豆瓣中查询图书


正题名:旧上海黑社会     索取号:I25/JY191         预约/预借

序号 登录号 条形码 馆藏地/架位号 状态 备注
1 7852298   278522984   学院路分馆/ [索取号:I25/JY191] 在馆    
唐山师范学院图书馆 欢迎您!
大连网信软件有限公司© 版权所有